[Event "Tourn. n9539"]
[Site "www.chess-mail.com"]
[Date "2017.10.29"]
[Round "1"]
[White "Cristiano"]
[Black "Cal"]
[WhiteElo "1690"]
[BlackElo "1730"]
[Result "1-0"]
[Round "1"]
1.e4 e5
2.f4 exf4
3.Ng1f3 d6
4.d4 Bc8g4
5.Bc1xf4 Ng8f6
6.Nb1c3 a6
7.Bf1c4 b5
8.Bc4d3 Bf8e7
9.O-O Nf6h5
10.Bf4g3 O-O
11.Ra1b1 Be7g5
12.Qd1e2 Qd8f6
13.e5 dxe5
14.Bg3xe5 Qf6h6
15.Rb1e1 Nb8d7
16.Be5xc7 Bg4xf3
17.Qe2xf3 Ra8c8
18.Bc7a5 Nd7f6
19.Nc3e4 Nh5f4
20.Ne4xg5 Nf4xd3
21.Qf3xd3 Qh6xg5
22.Re1e5 Qg5h6
23.Ba5d2 Qh6h4
24.Bd2g5 Nf6g4
25.Bg5xh4 f6
26.Re5e6 Rc8d8
27.h3 Ng4h6
28.d5 Rd8d7
29.Re6xa6 Rf8d8
30.d6 Nh6f7
31.Bh4g3 Nf7g5
32.h4 Ng5f7
33.Qd3d5 Kf8
34.Rf1d1 b4
35.b3 Nf7h6
36.Ra6a8 Nh6f7
37.Ra8xd8 Rd7xd8
38.d7 g6
39.Bg3c7 Rd8xd7
40.Qd5xd7 Kg7
41.Bc7a5 f5
42.Ba5xb4 h5
43.Qd7e7 g5
44.Bb4c3 Kg6
45.Qe7f6 Kh7
46.Qf6g7 
1-0

[Event "Tourn. n9567"]
[Site "www.chess-mail.com"]
[Date "2017.10.29"]
[Round "1"]
[White "Cal"]
[Black "Joaodelisboa"]
[WhiteElo "1710"]
[BlackElo "1599"]
[Result "0-1"]
[Round "1"]
1.c4 Ng8f6
2.Nb1c3 e6
3.e4 d6
4.h3 c5
5.Ng1f3 Nb8c6
6.a3 Bf8e7
7.d3 O-O
8.b3 b6
9.Bf1e2 Bc8b7
10.O-O a6
11.Bc1g5 Qd8c7
12.Qd1d2 Rf8d8
13.Nf3h2 Nc6a5
14.f4 Na5xb3
15.Qd2e3 Nb3xa1
16.Rf1xa1 h6
17.Bg5h4 Nf6h7
18.Qe3g3 Be7xh4
19.Qg3xh4 f5
20.exf5 exf5
21.Be2f3 Ra8b8
22.Bf3xb7 Rb8xb7
23.Nc3d5 Qc7d7
24.Ra1e1 Rd8e8
25.Re1f1 Qd7f7
26.Nh2f3 Nh7f6
27.Nd5xf6 Qf7xf6
28.Nf3e1 Qf6xh4
29.Ne1f3 Qh4f6
30.Kh2 Re8e2
31.a4 Re2a2
32.Kg3 Qf6g6
33.Kh4 Ra2xg2
34.Rf1g1 Qg6g3
35.Kh5 Qg3xf3
36.Kh4 Qf3xf4
{ resign }
0-1

[Event "Tourn. n9574"]
[Site "www.chess-mail.com"]
[Date "2017.10.29"]
[Round "1"]
[White "Apdash"]
[Black "Luban"]
[WhiteElo "2180"]
[BlackElo "2130"]
[Result "0-1"]
[Round "1"]
1.e4 c5
2.Ng1f3 d6
3.Bf1c4 e6
4.Nb1c3 a6
5.a4 Nb8c6
6.d4 cxd4
7.Nf3xd4 Bc8d7
8.O-O h6
9.Bc1e3 Ng8f6
10.f3 Bf8e7
11.Qd1d2 Qd8c7
12.b3 Ra8c8
13.Nd4xc6 Bd7xc6
14.Nc3e2 d5
15.exd5 Bc6xd5
16.Bc4d3 O-O
17.Kh1 Rf8d8
18.Ne2f4 a5
19.Qd2f2 Be7c5
20.Nf4xd5 Nf6xd5
21.Be3xc5 Qc7xc5
22.Qf2h4 Nd5e3
23.Rf1c1 Rd8xd3
24.Qh4e4 Rd3xb3
25.h3 Rb3c3
26.Qe4xb7 Rc3xc2
27.Rc1g1 Qc5g5
28.Ra1a2 Ne3xg2
29.Ra2xc2 Rc8xc2
30.Qb7a8 Kh7
31.Qa8e4 Qg5f5
32.Qe4xf5 exf5
33.Rg1xg2 Rc2xg2
34.Kxg2 Kg6
35.f4 Kf6
36.h4 Ke6
37.Kf3 Kd5
38.Ke3 Kc4
39.h5 g6
40.Kf3 Kd3
41.Kf2 Ke4
42.Kg3 Ke3
43.hxg6 fxg6
44.Kh4 Kxf4
45.Kh3 g5
46.Kh2 Kf3
47.Kh3 Kf2
48.Kh2 f4
49.Kh3 h5
50.Kh2 g4
51.Kh1 f3
52.Kh2 h4
53.Kh1 Kg3
54.Kg1 f2
55.Kf1 h3
56.Ke2 Kg2
57.Ke3 f1Q
{ resign }
0-1

[Event "Tourn. n9589"]
[Site "www.chess-mail.com"]
[Date "2017.10.29"]
[Round "1"]
[White "Luban"]
[Black "Fantomas"]
[WhiteElo "2070"]
[BlackElo "2130"]
[Result "0-1"]
[Round "1"]
1.d4 Ng8f6
2.c4 c6
3.h3 d5
4.e3 e6
5.a3 Bf8e7
6.Ng1f3 b6
7.Nb1c3 Bc8b7
8.Bf1d3 Nb8d7
9.O-O O-O
10.e4 dxe4
11.Nc3xe4 c5
12.Ne4xf6 Nd7xf6
13.dxc5 Be7xc5
14.b4 Bc5e7
15.Bc1b2 Ra8c8
16.Ra1c1 h6
17.Bd3e2 Qd8c7
18.Qd1b3 Nf6e4
19.Rf1d1 Rf8d8
20.Bb2e5 Be7d6
21.Be5xd6 Rd8xd6
22.Rd1xd6 Qc7xd6
23.Rc1d1 Qd6c7
24.Qb3b2 Rc8d8
25.Rd1xd8 Qc7xd8
26.Qb2e5 Qd8d6
27.Qe5xd6 Ne4xd6
28.Kf1 Kf8
29.Ke1 Ke7
30.c5 bxc5
31.bxc5 Nd6e4
32.Nf3d4 Ne4xc5
33.f3 a6
{ resign }
0-1

[Event "Tourn. n9579"]
[Site "www.chess-mail.com"]
[Date "2017.10.29"]
[Round "1"]
[White "Hansen"]
[Black "Cal"]
[WhiteElo "1560"]
[BlackElo "1690"]
[Result "0-1"]
[Round "1"]
1.e4 e5
2.Bf1c4 Ng8f6
3.Nb1c3 a6
4.Qd1f3 h6
5.g4 Nb8c6
6.Nc3d5 Nc6d4
7.Qf3c3 Nf6xe4
8.Qc3e3 Nd4xc2
9.Ke2 Nc2xe3
10.fxe3 d6
11.Kf3 f5
12.Ng1e2 Qd8h4
13.Ne2g1 Qh4xg4
{ resign }
0-1

[Event "Tourn. n9586"]
[Site "www.chess-mail.com"]
[Date "2017.10.29"]
[Round "1"]
[White "Luban"]
[Black "Nulladies"]
[WhiteElo "2090"]
[BlackElo "1930"]
[Result "0-1"]
[Round "1"]
1.d4 Ng8f6
2.c4 e6
3.a3 c5
4.e3 b6
5.Ng1f3 cxd4
6.exd4 d5
7.h3 Bc8b7
8.Bc1e3 Nb8c6
9.Nb1c3 Bf8d6
10.cxd5 exd5
11.Bf1b5 a6
12.Bb5xc6 Bb7xc6
13.O-O O-O
14.Be3g5 h6
15.Bg5xf6 Qd8xf6
16.Qd1b3 Ra8b8
17.Nc3xd5 Qf6e6
18.Qb3e3 Qe6xd5
19.Ra1c1 Rf8e8
{ resign }
0-1

[Event "Tourn. n9492"]
[Site "www.chess-mail.com"]
[Date "2017.10.29"]
[Round "1"]
[White "Ejner"]
[Black "Tartan"]
[WhiteElo "2370"]
[BlackElo "2460"]
[Result "1/2-1/2"]
[Round "1"]
1.Ng1f3 Ng8f6
2.d4 d5
3.c4 c6
4.e3 Bc8f5
5.cxd5 cxd5
6.Qd1b3 Qd8c7
7.Bc1d2 e6
8.Bf1b5 Nb8c6
9.O-O Bf8d6
10.Bd2b4 O-O
11.Bb5xc6 bxc6
12.Nb1d2 c5
13.Bb4xc5 Bd6xc5
14.dxc5 Qc7xc5
15.Rf1c1 Qc5a5
16.Qb3c3 Qa5a6
17.Qc3d4 Rf8c8
18.a3 Ra8b8
19.h3 Bf5c2
20.Nf3e1 Bc2f5
21.Ne1f3 Bf5c2
22.Nf3e1 Bc2g6
23.Ne1f3 Bg6c2
24.Nf3e1 Bc2f5
{ draw }
1/2-1/2

[Event "Tourn. n9536"]
[Site "www.chess-mail.com"]
[Date "2017.10.29"]
[Round "1"]
[White "Jjmcbride"]
[Black "Hansen"]
[WhiteElo "1600"]
[BlackElo "1550"]
[Result "1-0"]
[Round "1"]
1.e4 e5
2.Ng1f3 d6
3.d3 Bc8g4
4.Nb1d2 h6
5.Bf1e2 a5
6.d4 Bg4xf3
7.Be2xf3 Nb8c6
8.Nd2b3 Ng8f6
9.d5 Nc6b4
10.c3 Nb4d3
11.Qd1xd3 g5
12.Qd3b5 c6
13.dxc6 Qd8c7
14.cxb7 Nf6d7
15.bxa8Q Ke7
16.Bc1e3 Bf8g7
17.Qa8d5 Rh8b8
18.Bf3h5 Rb8xb5
19.Qd5xf7 Kd8
20.Qf7e8 { resign }
1-0

[Event "Tourn. n9499"]
[Site "www.chess-mail.com"]
[Date "2017.10.29"]
[Round "1"]
[White "Falcoale"]
[Black "Orhany24"]
[WhiteElo "2040"]
[BlackElo "2090"]
[Result "1/2-1/2"]
[Round "1"]
1.e4 e5
2.Ng1f3 Nb8c6
3.Bf1b5 a6
4.Bb5a4 Ng8f6
5.d3 b5
6.Ba4b3 Bf8e7
7.O-O d6
8.a3 O-O
9.Nb1c3 Bc8g4
10.h3 Bg4e6
11.Nc3d5 Nc6a5
12.Nd5xe7 Qd8xe7
13.Bb3a2 h6
14.Bc1d2 Na5b7
15.Qd1c1 Kh7
16.Nf3h2 Be6xa2
17.Ra1xa2 Qe7e6
18.Ra2a1 c5
19.f4 exf4
20.Bd2xf4 Nf6h5
21.Qc1e3 Nh5xf4
22.Qe3xf4 Kh8
23.Ra1e1 Ra8e8
24.Qf4d2 d5
25.Nh2f3 Nb7d6
26.e5 Nd6f5
27.Qd2f2 d4
28.Kh1 f6
29.exf6 Qe6xf6
30.Re1xe8 Rf8xe8
31.Kh2 Qf6d6
32.Kg1 Nf5e3
33.Rf1c1 Qd6g6
34.Nf3h4 Qg6g5
35.Nh4f3 Qg5f4
36.Nf3d2 Qf4g5
37.Nd2f3 Qg5f4
38.Nf3h2 Qf4g5
39.Nh2f3 Qg5h5
40.c3 Re8f8
41.cxd4 cxd4
42.Qf2g3 Rf8f6
43.Rc1c7 Rf6g6
44.Qg3e5 Rg6xg2
45.Kh1 Qh5xh3

1/2-1/2

[Event "Match"]
[Site "www.echecsemail.com"]
[Date "2017.10.29"]
[Round "1"]
[White "Knightour"]
[Black "Luke1302"]
[WhiteElo "1299"]
[BlackElo "1310"]
[Result "1-0"]
[Round "1"]
1.e4 e5
2.Nb1c3 b6
3.Bf1c4 Ng8h6
4.d3 Qd8e7
5.Bc1xh6 gxh6
6.Ng1f3 Bc8b7
7.O-O Bf8g7
8.Nc3d5 Bb7xd5
9.Bc4xd5 c6
10.Bd5b3 Nb8a6
11.c3 Na6c5
12.Bb3c2 a5
13.d4 Nc5e6
14.Nf3xe5 Bg7xe5
15.dxe5 Ne6f4
16.Qd1d6 Nf4e2
17.Kh1 Qe7h4
18.Qd6f6 Qh4xf6
19.exf6 Ne2f4
20.g3 Nf4e2
21.Rf1e1 Ne2f4
22.gxf4 O-O-O
23.e5 Rd8g8
24.Bc2f5 h5
25.Ra1d1 h4
26.Rd1xd7 Rg8d8
27.Re1d1 Rh8g8
28.Rd7xd8 { resign }
1-0

[Event "Match"]
[Site "www.echecsemail.com"]
[Date "2017.10.29"]
[Round "1"]
[White "Gidi5"]
[Black "Cal"]
[WhiteElo "1499"]
[BlackElo "1680"]
[Result "1-0"]
[Round "1"]
1.e4 e5
2.Ng1f3 d6
3.d4 exd4
4.Bf1c4 h6
5.Nf3xd4 c5
6.Bc4b5 Bc8d7
7.Bb5xd7 Nb8xd7
8.Nd4f5 Ng8f6
9.Nb1c3 a6
10.Nf5xd6 Bf8xd6
11.Qd1xd6 Ra8c8
12.O-O Rc8c6
13.Qd6d1 Qd8e7
14.f4 O-O
15.e5 Nf6h7
16.Nc3e4 b5
17.Qd1f3 Rc6g6
18.Qf3f2 Nd7b6
19.Qf2xc5 Qe7b7
20.Qc5d4 Nb6d5
21.Ne4c5 Qb7b6
22.Qd4xd5 Rf8d8
23.Qd5e4 Qb6xc5
24.Bc1e3 Qc5c7
25.f5 Rg6c6
26.c3 Rc6c4
27.Be3d4 Nh7g5
28.Qe4e3 b4
29.Bd4b6 Qc7c8
30.Bb6xd8 Qc8xd8
31.Ra1d1 Rc4e4
32.Rd1xd8 Kh7
33.Qe3c5 Re4g4
34.Qc5f8 { resign }
1-0

[Event "Match"]
[Site "www.echecsemail.com"]
[Date "2017.10.29"]
[Round "1"]
[White "Apdash"]
[Black "Guidom"]
[WhiteElo "2250"]
[BlackElo "2130"]
[Result "1-0"]
[Round "1"]
1.e4 e5
2.Bf1c4 d6
3.f4 exf4
4.Ng1f3 Bf8e7
5.d4 Ng8f6
6.e5 dxe5
7.Nf3xe5 O-O
8.Bc1xf4 Nb8d7
9.O-O Nd7xe5
10.Bf4xe5 Bc8g4
11.Qd1d3 Bg4h5
12.Nb1d2 Bh5g6
13.Qd3b3 b6
14.Nd2f3 a5
15.a4 Ra8b8
16.Ra1e1 Be7d6
17.Nf3h4 Bd6e7
18.Nh4xg6 hxg6
19.Qb3g3 Nf6d5
20.Bc4xd5 Qd8xd5
21.Kh1 Be7d6
22.Qg3d3 Bd6xe5
23.Re1xe5 Qd5d7
24.b3 Rb8e8
25.Rf1e1 Re8xe5
26.Re1xe5 Rf8e8
27.Re5xe8 Qd7xe8
28.h3 Qe8e7
29.Qd3d2 Qe7d6
30.c3 f5
31.b4 Qd6d5
32.bxa5 Qd5xa5
33.Qd2c2 c6
34.Qc2b3 Kh7
35.Qb3c4 b5
36.axb5 cxb5
37.Qc4c6 b4
38.cxb4 Qa5xb4
39.Qc6d5 Qb4e1
40.Kh2 f4
41.Qd5f3 Qe1d2
42.h4 Qd2xd4
43.Kh3 Qd4d7
44.Kh2 Qd7f5
45.Qf3h3 Qf5e5
46.Kh1 Kh6
47.Qh3f3 Qe5e1
48.Kh2 Qe1xh4
49.Kg1 g5
50.Qf3c6 g6
51.Qc6f6 Qh4e1
52.Kh2 Qe1g3
53.Kg1 g4
54.Qf6h8 Kg5
55.Qh8d8 Kf5
56.Qd8d7 Ke4
57.Qd7e6 Kd4
58.Qe6d6 Ke3
59.Qd6e6 Kd2
60.Qe6d6 Ke2
61.Qd6a6 Qg3d3
62.Qa6a2 Qd3d2
63.Qa2a6 Ke1
64.Qa6f1 { resign }
1-0

[Event "Match"]
[Site "www.echecsemail.com"]
[Date "2017.10.29"]
[Round "1"]
[White "Apdash"]
[Black "Llord"]
[WhiteElo "1920"]
[BlackElo "1940"]
[Result "1-0"]
[Round "1"]
1.e4 e5
2.Ng1f3 Nb8c6
3.d4 exd4
4.Nf3xd4 Nc6xd4
5.Qd1xd4 f6
6.Bf1c4 Ng8e7
7.O-O Ne7c6
8.Qd4d5 Qd8e7
9.c3 Nc6e5
10.Bc1e3 c6
11.Qd5d4 Ne5xc4
12.Qd4xc4 b5
13.Qc4d3 g6
14.f4 Bc8a6
15.a4 Bf8h6
16.axb5 Ba6b7
17.bxc6 Bb7xc6
18.Nb1d2 O-O
19.Ra1xa7 Ra8xa7
20.Be3xa7 f5
21.Qd3c4 Kh8
22.Ba7c5 d6
23.Bc5d4 Bh6g7
24.Bd4xg7 Kxg7
25.Qc4xc6 fxe4
26.Qc6xe4 Qe7a7
27.Qe4d4 Qa7xd4
28.cxd4 Kf6
29.d5 Rf8c8
30.Nd2e4 Ke7
31.Ne4c3 Rc8c4
32.Rf1e1 Kf7
33.g3 Kf6
34.Re1e6 Kg7
35.Re6xd6 Kf7
36.Rd6d7 { resign }
1-0

[Event "Match"]
[Site "www.echecsemail.com"]
[Date "2017.10.29"]
[Round "1"]
[White "Paco"]
[Black "Ztornad"]
[WhiteElo "1930"]
[BlackElo "1550"]
[Result "1/2-1/2"]
[Round "1"]
1.e4 e5
2.Ng1f3 d6
3.Bf1c4 Bc8e6
4.Bc4b5 c6
5.Bb5a4 b5
6.Ba4b3 Be6xb3
7.cxb3 Ng8f6
8.Qd1c2 Bf8e7
9.O-O Nb8d7
10.Qc2xc6 Ra8c8
11.Qc6xb5 Rc8b8
12.Qb5d3 Nd7c5
13.Qd3e3 Nf6g4
14.Qe3c3 Rb8c8
15.Qc3b4 Rc8b8
16.Qb4c4 O-O
17.b4 Nc5e6
18.h3 Ng4f6
19.d3 Rb8c8
20.Qc4b3 Nf6h5
21.Nb1c3 Ne6f4
22.Bc1xf4 { draw }
1/2-1/2

[Event "1/32 Finale"]
[Site "www.chess-mail.com"]
[Date "2017.10.29"]
[Round "1"]
[White "Tonino1"]
[Black "Pdebonis"]
[WhiteElo "2170"]
[BlackElo "2680"]
[Result "0-1"]
[Round "1"]
1.d4 Ng8f6
2.f4 d5
3.e3 c5
4.c3 Bc8g4
5.Ng1f3 e6
6.Bf1d3 Bf8d6
7.O-O O-O
8.Nb1d2 Nb8c6
9.h3 Bg4f5
10.Bd3xf5 exf5
11.Nf3e5 Ra8c8
12.Nd2f3 Nf6e4
13.Kh2 c4
14.Bc1d2 Nc6e7
15.Nf3g5 Ne4xg5
16.fxg5 f6
17.gxf6 gxf6
 { time }
0-1

[Event "1/64 Finale"]
[Site "www.chess-mail.com"]
[Date "2017.10.29"]
[Round "1"]
[White "Bevittsmith"]
[Black "Attatroll"]
[WhiteElo "2230"]
[BlackElo "1980"]
[Result "1-0"]
[Round "1"]
1.e4 d6
2.d4 Ng8f6
3.Nb1c3 g6
4.f4 Bf8g7
5.Ng1f3 c5
6.dxc5 Qd8a5
7.Bf1d3 Bc8g4
8.cxd6 O-O
9.dxe7 Rf8e8
10.O-O Nb8c6
11.Nc3e2 Nc6xe7
12.Qd1e1 Qa5b6
13.Qe1f2 Qb6b4
14.c3 Qb4a5
15.e5 Nf6d5
16.Ne2d4 Bg7h6
17.Qf2h4 Bg4xf3
18.Qh4xh6 Bf3h5
19.f5 Kh8
20.fxg6 Bh5xg6
21.Bd3xg6 fxg6
22.Rf1f7 { resign }
1-0

[Event "Fast Game"]
[Site "www.echecsemail.com"]
[Date "2017.10.29"]
[Round "1"]
[White "Attatroll"]
[Black "Apdash"]
[WhiteElo "1760"]
[BlackElo "1879"]
[Result "0-1"]
[Round "1"]
1.e4 e5
2.Ng1f3 Nb8c6
3.d4 exd4
4.Bf1c4 h6
5.O-O Bf8c5
6.c3 dxc3
7.Bc4xf7 Kxf7
8.Qd1d5 Kf8
9.Qd5xc5 d6
10.Qc5xc3 Ng8f6
11.Bc1e3 Nf6xe4
12.Qc3d3 Bc8f5
13.Qd3b3 Ra8b8
14.Nb1c3 Qd8f6
15.Nc3d5 Qf6f7
16.Nd5f4 Qf7xb3
17.axb3 a6
18.Nf3h4 g5
19.Nh4xf5 gxf4
20.Be3xf4 h5
21.Rf1e1 Ne4c5
22.Ra1d1 Nc5xb3
23.Re1e3 Nb3c5
24.Nf5xd6 Rb8d8
25.Rd1c1 cxd6
26.Rc1d1 Kf7
27.Bf4g5 Rd8d7
28.Re3c3 Nc5e4
29.Rc3f3 Kg6
30.Bg5e3 Rh8h7
31.Rf3f8 Nc6e5
32.Rf8g8 Rh7g7
33.Rg8e8 Ne4f6
34.Re8h8 Ne5c6
35.Rh8h6 Kf5
36.b4 Rg7h7
37.Rh6xh7 Nf6xh7
38.Rd1d5 Kg6
39.Be3c5 Nh7f6
40.Rd5xd6 Rd7xd6
41.Bc5xd6 b5
42.f3 Nf6d5
43.Kf2 Nc6xb4
44.Ke2 Kf5
45.g3 a5
46.Kd2 a4
47.Kc1 a3
48.Kb1 Nd5c3
{ resign }
0-1

[Event "Tourn. n9485"]
[Site "www.chess-mail.com"]
[Date "2017.10.30"]
[Round "1"]
[White "Azulmarino"]
[Black "Julian"]
[WhiteElo "1590"]
[BlackElo "1590"]
[Result "0-1"]
[Round "1"]
1.e4 d6
2.Bf1c4 e6
3.Nb1c3 Ng8f6
4.Ng1f3 Bf8e7
5.h3 O-O
6.Qd1e2 e5
7.Nf3g5 c6
8.d3 h6
9.Ng5f3 Bc8e6
10.Bc4xe6 fxe6
11.Nf3h4 Qd8e8
12.Qe2f3 Nb8d7
13.Qf3g3 Qe8h5
14.Nh4g6 Rf8f7
15.Ng6h4 g5
16.O-O Rf7g7
17.Nh4f3 g4
18.hxg4 Rg7xg4
19.Qg3h3 Qh5xh3
20.g3 Nf6h5
21.Nc3e2 Kf7
22.Nf3h2 Ra8g8
23.Nh2xg4 Rg8xg4
 { time }
0-1

[Event "Tourn. n9576"]
[Site "www.chess-mail.com"]
[Date "2017.10.30"]
[Round "1"]
[White "Fantomas"]
[Black "Aiko1603"]
[WhiteElo "2190"]
[BlackElo "2020"]
[Result "0-1"]
[Round "1"]
1.c4 c5
2.Ng1f3 Nb8c6
3.e3 g6
4.a3 Bf8g7
5.Qd1c2 d6
6.Nb1c3 Ng8f6
7.Bf1e2 O-O
8.O-O Bc8e6
9.b3 d5
10.d4 cxd4
11.Nf3xd4 Nc6xd4
12.exd4 dxc4
13.bxc4 Qd8xd4
14.Bc1e3 Qd4d7
15.Ra1d1 Qd7c8
16.Nc3b5 a6
17.Nb5d4 Be6d7
18.Be2f3 e5
19.Nd4b3 Bd7a4
20.Rd1b1 Qc8e6
21.Qc2c3 e4
22.Bf3e2 Ra8c8
23.Nb3c5 Rc8xc5
24.Be3xc5 Nf6d7
25.Bc5xf8 Bg7xc3
26.Bf8h6 Nd7c5
27.Bh6e3 b6
{ resign }
0-1

[Event "Tourn. n9528"]
[Site "www.chess-mail.com"]
[Date "2017.10.30"]
[Round "1"]
[White "Gvladutz"]
[Black "Ssharp"]
[WhiteElo "2480"]
[BlackElo "2200"]
[Result "1-0"]
[Round "1"]
1.e4 e6
2.d4 d5
3.e5 c5
4.c3 Nb8c6
5.Ng1f3 Qd8b6
6.Bf1e2 Bc8d7
7.O-O cxd4
8.cxd4 Ng8e7
9.Nb1c3 Ne7f5
10.Nc3a4 Qb6d8
11.Bc1g5 Bf8e7
12.Bg5xe7 Qd8xe7
13.Ra1c1 b6
14.Na4c3 a6
15.Nc3a4 Qe7d8
16.Be2d3 Nc6xd4
17.Nf3xd4 Nf5xd4
18.Qd1g4 Bd7xa4
19.Qg4xg7 Ke7
20.Qg7f6 { resign }
1-0

[Event "Tourn. n9546"]
[Site "www.chess-mail.com"]
[Date "2017.10.30"]
[Round "1"]
[White "Libiesse"]
[Black "Attatroll"]
[WhiteElo "1810"]
[BlackElo "1960"]
[Result "1/2-1/2"]
[Round "1"]
1.d4 Ng8f6
2.c4 e6
3.Ng1f3 d5
4.Bc1g5 Bf8e7
5.Nb1c3 O-O
6.e3 c6
7.cxd5 Nf6xd5
8.Bg5xe7 Qd8xe7
9.Bf1d3 Nb8d7
10.O-O Nd7b6
11.a3 Bc8d7
12.Qd1c2 Nd5f6
13.Nf3d2 Nf6d5
14.Rf1e1 Nd5xc3
15.bxc3 Nb6d5
16.Re1b1 b6
17.Bd3xh7 Kh8
18.Bh7d3 Qe7h4
19.Nd2f3 Qh4h5
20.c4 Nd5f6
21.Bd3e2 g6
22.Nf3e5 Qh5f5
23.Qc2xf5 gxf5
24.Be2f3 Ra8c8
25.Ra1a2 Kg7
26.Ra2b2 Rf8h8
27.a4 { draw }
1/2-1/2

[Event "Tourn. n9541"]
[Site "www.chess-mail.com"]
[Date "2017.10.30"]
[Round "1"]
[White "Estonia"]
[Black "Nulladies"]
[WhiteElo "1990"]
[BlackElo "1930"]
[Result "1-0"]
[Round "1"]
1.d4 Ng8f6
2.c4 e6
3.Ng1f3 Bf8b4
4.Bc1d2 Qd8e7
5.Nb1c3 b6
6.e3 Bc8b7
7.Bf1e2 Nf6e4
8.Nc3xe4 Bb7xe4
9.O-O O-O
10.a3 Bb4xd2
11.Qd1xd2 Nb8c6
12.b4 d5
13.Rf1c1 Nc6d8
14.cxd5 Be4xd5
15.Rc1c3 Nd8b7
16.Ra1c1 Ra8c8
17.Be2a6 c6
18.Ba6xb7 Qe7xb7
19.Nf3e5 f6
20.e4 fxe5
21.exd5 exd5
22.dxe5 Rf8e8
23.f4 Re8e6
24.Rc3g3 Qb7f7
25.Rg3f3 Qf7f5
26.h3 h5
27.Rf3g3 Re6g6
28.Rg3xg6 Qf5xg6
29.a4 Qg6e4
30.a5 bxa5
31.bxa5 a6
32.Qd2f2 d4
33.Qf2a2 Kh7
34.Rc1f1 c5
35.Qa2e6 Qe4e3
36.Kh2 Rc8b8
37.f5 d3
38.Qe6g6 Kg8
39.f6 Qe3xe5
40.Kh1 Rb8f8
41.Qg6xg7 { resign }
1-0

[Event "Tourn. n9502"]
[Site "www.chess-mail.com"]
[Date "2017.10.30"]
[Round "1"]
[White "Szustan"]
[Black "Coolant"]
[WhiteElo "2520"]
[BlackElo "2290"]
[Result "1-0"]
[Round "1"]
1.e4 Nb8c6
2.Ng1f3 e5
3.Nb1c3 Ng8f6
4.d4 exd4
5.Nc3d5 Nc6b4
6.Nd5xf6 Qd8xf6
7.Bf1c4 Bf8c5
8.O-O d6
9.e5 dxe5
10.Bc1g5 Qf6d6
11.Nf3xe5 O-O
12.Rf1e1 Bc8e6
13.Bc4xe6 fxe6
14.Bg5h4 Rf8f5
15.Bh4g3 Qd6d5
16.a3 Nb4c6
17.Ne5xc6 Qd5xc6
18.Qd1d3 Ra8f8
19.Re1e4 Rf8f6
20.Ra1e1 Rf6g6
21.Re4e5 Rf5xe5
22.Re1xe5 Bc5d6
23.Re5e4 e5
24.Qd3b3 Kf8
25.Qb3f3 Rg6f6
26.Qf3d3 Qc6d5
27.c4 Qd5f7
28.c5 Bd6xc5
29.Bg3xe5 Rf6xf2
30.Be5xg7 Kg8
31.Bg7xd4 Bc5xd4
32.Re4xd4 Rf2f6
33.Rd4d8 Kg7
34.h3 Rf6e6
35.Rd8d7 Re6e7
36.Qd3g3 Kf8
37.Rd7d8 Re7e8
38.Rd8d4 Re8e6
39.Qg3g5 Re6g6
40.Qg5d8 { resign }
1-0

[Event "Tourn. n9555"]
[Site "www.chess-mail.com"]
[Date "2017.10.30"]
[Round "1"]
[White "Apdash"]
[Black "Bigrezi"]
[WhiteElo "2090"]
[BlackElo "2190"]
[Result "1/2-1/2"]
[Round "1"]
1.d4 Ng8f6
2.c4 g6
3.Nb1c3 d5
4.cxd5 Nf6xd5
5.e4 Nd5xc3
6.bxc3 Bf8g7
7.Ng1f3 c5
8.Bf1e2 Nb8c6
9.Bc1b2 cxd4
10.cxd4 Qd8a5
11.Qd1d2 Qa5xd2
12.Kxd2 Bc8g4
13.Be2b5 O-O-O
14.Bb5xc6 bxc6
15.Ke3 Bg7h6
16.Kd3 f5
17.e5 Bg4xf3
18.gxf3 c5
19.Ra1d1 Rd8d5
20.Kc4 Rh8d8
21.Rd1d3 Bh6f4
22.Rh1d1 Bf4xh2
23.Rd1h1 Bh2xe5
24.Rh1xh7 Be5f6
25.f4 cxd4
26.Rh7h6 Rd5a5
27.a3 Rd8d5
28.Kb3 Ra5b5
29.Ka2 g5
30.fxg5 Bf6xg5
31.Rh6h5 Bg5f6
32.f4 Rb5b6
33.Rh5h1 Rd5d6
34.Rh1c1 Kd7
35.Rc1c5 e6
36.a4 Rb6c6
37.Rc5b5 a6
38.Rb5b7 Rc6c7
39.Rb7xc7 Kxc7
40.Bb2a3 Rd6c6
41.Kb3 a5
42.Ba3f8 e5
43.fxe5 Bf6xe5
44.Rd3d2 Kd7
45.Rd2e2 Rc6c3
46.Kb2 Ke6
47.Bf8g7 Rc3c5
48.Bg7h6 Kf6
49.Bh6f8 Rc5d5
50.Kb3 d3
51.Re2d2 f4
52.Bf8a3 Kf5
{ draw }
1/2-1/2

[Event "Tourn. n9550"]
[Site "www.chess-mail.com"]
[Date "2017.10.30"]
[Round "1"]
[White "Julian"]
[Black "Azulmarino"]
[WhiteElo "1470"]
[BlackElo "1620"]
[Result "1-0"]
[Round "1"]
1.e4 e5
2.Ng1f3 Nb8c6
3.Bf1b5 Bf8c5
4.O-O a6
5.Bb5a4 h6
6.c3 Ng8f6
7.d4 Bc5b6
8.Rf1e1 d6
9.Ba4xc6 bxc6
10.Bc1e3 Bc8g4
11.Nb1d2  { time }
1-0

[Event "Match"]
[Site "www.echecsemail.com"]
[Date "2017.10.30"]
[Round "1"]
[White "Cjood"]
[Black "Gilliere"]
[WhiteElo "1930"]
[BlackElo "2090"]
[Result "0-1"]
[Round "1"]
1.e4 e5
2.Ng1f3 d6
3.Bf1c4 h6
4.c3 Ng8f6
5.d3 Bc8g4
6.Bc1e3 Nb8d7
7.h3 Bg4xf3
8.Qd1xf3 a6
9.O-O Bf8e7
10.Nb1d2 O-O
11.Qf3g3 Kh8
12.Qg3h4 Nf6h7
13.Qh4g3 b5
14.Bc4d5 Ra8b8
15.d4 f6
16.Qg3g4 Nh7g5
17.h4 Ng5f7
 { time }
0-1

[Event "Match"]
[Site "www.echecsemail.com"]
[Date "2017.10.30"]
[Round "1"]
[White "Jesmantiz"]
[Black "Apdash"]
[WhiteElo "2260"]
[BlackElo "2180"]
[Result "0-1"]
[Round "1"]
1.d4 Ng8f6
2.c4 e6
3.Nb1c3 d5
4.e3 Bf8e7
5.Bf1d3 dxc4
6.Bd3xc4 O-O
7.f4 c5
8.Ng1f3 cxd4
9.Nf3xd4 a6
10.O-O b5
11.Bc4d3 Bc8b7
12.Nd4f3 Qd8b6
13.Kh1 Be7c5
14.Qd1e2 Nb8c6
15.a3 Ra8d8
16.Bd3c2 Nf6g4
17.Nc3d1 a5
18.Bc2xh7 Kh8
19.Nf3g5 Ng4h6
20.Bh7c2 b4
21.Nd1f2 Bb7a6
22.Bc2d3 Ba6xd3
23.Nf2xd3 Qb6b5
24.Rf1d1 Rd8d5
25.a4 Qb5a6
26.Ng5e4 Rf8d8
27.Ne4f2 b3
28.e4 Rd5d7
29.h3 Nc6b4
30.Qe2h5 Nb4xd3
31.Nf2g4 Nd3f2
32.Ng4xf2 Bc5xf2
33.Rd1xd7 Qa6f1
{ resign }
0-1

[Event "Match"]
[Site "www.echecsemail.com"]
[Date "2017.10.30"]
[Round "1"]
[White "Tonino1"]
[Black "Libiesse"]
[WhiteElo "2230"]
[BlackElo "1830"]
[Result "1-0"]
[Round "1"]
1.d4 d5
2.f4 Ng8f6
3.e3 e6
4.Bf1d3 c5
5.c3 c4
6.Bd3c2 Bf8d6
7.Ng1f3 Nb8c6
8.Nb1d2 O-O
9.O-O b5
10.Nf3e5 Bc8b7
11.Qd1e2 g6
12.e4 Rf8e8
13.Ne5xc6 Bb7xc6
14.e5 Bd6e7
15.exf6 Be7xf6
16.Nd2f3 Ra8b8
17.Nf3e5 Rb8b6
18.g4 h6
19.Bc1d2 Kg7
20.g5 hxg5
21.fxg5 { resign }
1-0

[Event "Match"]
[Site "www.echecsemail.com"]
[Date "2017.10.30"]
[Round "1"]
[White "Ztornad"]
[Black "Krystek23"]
[WhiteElo "1550"]
[BlackElo "2370"]
[Result "0-1"]
[Round "1"]
1.Ng1f3 Ng8f6
2.Nb1c3 c5
3.e4 Nb8c6
4.Bf1c4 e6
5.d4 d5
6.exd5 exd5
7.Qd1e2 Bf8e7
8.Nf3e5 dxc4
9.Ne5xc6 bxc6
10.O-O cxd4
11.Nc3a4 d3
12.cxd3 cxd3
13.Qe2e3 O-O
14.Bc1d2 Be7d6
15.Rf1d1 Bd6xh2
16.Kf1 Rf8e8
17.Qe3c5 Nf6e4
18.Qc5h5 Qd8d4
19.Qh5f3 Ne4g3
20.Qf3xg3 Bh2xg3
21.Bd2e3 Re8xe3
22.fxe3 Qd4xe3
{ resign }
0-1

[Event "1/32 Finale"]
[Site "www.chess-mail.com"]
[Date "2017.10.30"]
[Round "1"]
[White "Jaroslavpech"]
[Black "Jose"]
[WhiteElo "2160"]
[BlackElo "2810"]
[Result "0-1"]
[Round "1"]
1.e4 c5
2.Ng1f3 e6
3.d4 cxd4
4.Nf3xd4 Nb8c6
5.Nb1c3 Qd8c7
6.Bc1e3 a6
7.Bf1d3 Nc6e5
8.O-O Ng8f6
9.Nd4f3 Ne5g4
10.Be3d2 d6
11.a4 b6
12.h3 Ng4e5
13.Nf3d4 Bc8b7
14.Qd1e2 Bf8e7
15.f4 Ne5d7
16.Ra1e1 O-O
17.b4 Rf8d8
18.Qe2e3 Ra8c8
19.Qe3g3 Qc7b8
20.f5 e5
21.Nc3d5 Rd8e8
22.Nd5xe7 Re8xe7
23.Nd4b3 Kh8
24.c4 a5
25.b5 Nd7c5
26.Nb3xc5 dxc5
27.Qg3f3 Rc8d8
28.Bd2c3 Re7d7
29.Re1e3 Qb8d6
30.Qf3g3 Nf6h5
31.Qg3h4 Qd6f6
32.Qh4xf6 Nh5xf6
33.Bd3c2 Rd7e7
34.Kf2 h6
35.g4 Kg8
36.Bc2d3 Nf6e8
37.Rf1g1 f6
38.h4 Kf7
39.g5 hxg5
40.hxg5 Re7d7
41.Ke2 Ne8d6
42.Bc3e1 Rd8h8
43.gxf6 gxf6
44.Rg1g4 Rh8h2
45.Be1f2 Ke8
46.Re3g3 Rd7h7
47.Rg4g8 Kd7
48.Rg3g7 Rh7xg7
49.Rg8xg7 Ke8
50.Rg7g4 Kf7
51.Ke3 Bb7c8
52.Bf2g3 Rh2h3
53.Kd2 Rh3h6
54.Ke2 Bc8d7
55.Bg3e1 Rh6h7
56.Rg4g1 Rh7h2
57.Be1f2 Bd7e8
 { time }
0-1

[Event "1/64 Finale"]
[Site "www.chess-mail.com"]
[Date "2017.10.30"]
[Round "1"]
[White "Claymil"]
[Black "Welberth"]
[WhiteElo "2080"]
[BlackElo "2099"]
[Result "1/2-1/2"]
[Round "1"]
1.c4 Ng8f6
2.Nb1c3 d5
3.cxd5 Nf6xd5
4.g3 e5
5.Bf1g2 Bc8e6
6.a3 Nb8c6
7.e3 g6
8.Qd1c2 Bf8g7
9.Ng1e2 O-O
10.O-O Qd8d7
11.b4 Nc6e7
12.Bc1b2 Ra8c8
13.d4 Be6h3
14.Rf1d1 Bh3xg2
15.Kxg2 Nd5xc3
16.Bb2xc3 Qd7c6
17.f3 Ne7d5
18.Qc2d2 Nd5xc3
19.Qd2xc3 Qc6xc3
20.Ne2xc3 exd4
21.exd4 Rc8d8
22.Nc3e2 Rd8d5
23.Ra1c1 c6
24.Rc1c5 Rf8d8
25.Rc5c4 a5
26.bxa5 Rd5xa5
27.a4 Ra5d5
28.h4 Kf8
29.f4 f5
30.Kf3 Ke7
31.Ke3 c5
32.Rd1d3 cxd4
33.Ne2xd4 Rd8d7
34.Rc4b4 h6
35.Rd3d2 Bg7f6
36.Rb4c4 g5
37.hxg5 hxg5
38.Nd4f3 gxf4
39.gxf4 Ke6
40.Rd2xd5 Rd7xd5
41.Rc4b4 Rd5d7
42.Rb4b6 Ke7
43.Rb6b5 Ke6
44.a5 Rd7c7
45.Nf3d4 Bf6xd4
46.Kxd4 Rc7d7
47.Ke3 Rd7c7
48.Kd4 Rc7d7
49.Ke3 Rd7c7
{ draw }
1/2-1/2

[Event "1/32 Finale"]
[Site "www.chess-mail.com"]
[Date "2017.10.30"]
[Round "1"]
[White "Gvladutz"]
[Black "Mitja"]
[WhiteElo "2520"]
[BlackElo "1940"]
[Result "1-0"]
[Round "1"]
1.Ng1f3 d5
2.c4 dxc4
3.e3 e6
4.Bf1xc4 c6
5.d4 Ng8f6
6.Nb1c3 Nb8d7
7.O-O Nd7b6
8.Bc4d3 Nb6d5
9.e4 Nd5xc3
10.bxc3 b6
11.e5 Nf6d5
12.c4 Nd5b4
13.Bd3e4 Bc8b7
14.Ra1b1 Nb4a6
15.Nf3g5 h6
16.Qd1f3 Qd8c7
17.Ng5xf7 Qc7xf7
18.Be4xc6 Bb7xc6
19.Qf3xc6 Qf7d7
20.Qc6xa8 Kf7
21.c5 { resign }
1-0